[Event "13sen.WMH 2003 Senioren"]
[Site "Bad Zwischenahn(17.11.-29.11.2003)"]
[Date "2003.11.29"]
[Round "2.56"]
[White "Davydov, Mikhail"]
[Black "Schoerghuber, Kurt"]
[Result "1/2-1/2"]
[WhiteElo "2010"]
[BlackElo "1702"]
[PlyCount "27"]


1. e4 e5 2. Nf3 f5 3. Nxe5 Qf6 4. Nc4 fxe4 5. d3 d5 6. Qh5+ Qf7 7. Qxf7+ Kxf7
8. Ncd2 Nf6 9. dxe4 dxe4 10. Bc4+ Kg6 11. O-O Nc6 12. Nc3 Bf5 13. Nb3 Bd6 14.
Be3 1/2-1/2

[Event "13sen.WMH 2003 Senioren"]
[Site "Bad Zwischenahn(17.11.-29.11.2003)"]
[Date "2003.11.29"]
[Round "2.57"]
[White "Batakovs, Olegs"]
[Black "Schulz, Hermann[35Uelzen]"]
[Result "1-0"]
[WhiteElo "2123"]
[BlackElo "1584"]
[PlyCount "53"]


1. e4 c5 2. Nf3 d6 3. d4 cxd4 4. Nxd4 Nf6 5. Nc3 a6 6. Bg5 e6 7. f4 Be7 8. Qf3
Qc7 9. O-O-O Nc6 10. Nxc6 bxc6 11. e5 Nd5 12. Bxe7 Qxe7 13. Bc4 dxe5 14. fxe5
O-O 15. Ne4 f6 16. exf6 gxf6 17. g4 Kh8 18. Rhf1 Bd7 19. Bxd5 cxd5 20. Nxf6 Bb5
21. Rf2 Rac8 22. g5 Rc7 23. Qe3 Rfc8 24. Qe5 Qg7 25. Rd4 Rc4 26. Rxc4 Rxc4 27.
Qb8+ 1-0

[Event "13sen.WMH 2003 Senioren"]
[Site "Bad Zwischenahn(17.11.-29.11.2003)"]
[Date "2003.11.29"]
[Round "2.58"]
[White "Kristiansen, Erling"]
[Black "Wittmann, Georg"]
[Result "1-0"]
[WhiteElo "2211"]
[BlackElo "1820"]
[PlyCount "26"]


1. e4 c6 2. Nf3 d5 3. Nc3 dxe4 4. Nxe4 Bf5 5. Ng3 Bg6 6. h4 h6 7. Ne5 Bh7 8.
Qh5 g6 9. Bc4 e6 10. Qe2 Be7 11. d3 Nd7 12. Nxf7 Qa5+ 13. Bd2 Bb4 1-0

[Event "13sen.WMH 2003 Senioren"]
[Site "Bad Zwischenahn(17.11.-29.11.2003)"]
[Date "2003.11.29"]
[Round "2.59"]
[White "Bredendick, Franz"]
[Black "Kanko, Ilkka"]
[Result "0-1"]
[WhiteElo "1792"]
[BlackElo "2264"]
[PlyCount "82"]


1. e4 c5 2. Nf3 e6 3. d4 cxd4 4. Nxd4 a6 5. a3 Nf6 6. Nc3 Qc7 7. Bd3 b5 8. O-O
Bb7 9. Re1 Nc6 10. Nxc6 Qxc6 11. Qe2 Bc5 12. Bg5 Bd4 13. Nd1 d5 14. e5 Nd7 15.
Bf4 Bc5 16. c3 O-O 17. Qh5 f5 18. Qg5 Rf7 19. h4 Be7 20. Qg3 Nc5 21. Be2 Kh8
22. f3 Nb3 23. Rb1 Qb6+ 24. Kh2 Rg8 25. Bg5 Qd8 26. f4 d4 27. Bh5 g6 28. Be2
Nd2 29. Rc1 Ne4 30. Qh3 h6 31. Bxe7 Rxe7 32. c4 Rc7 33. b3 Qe7 34. b4 bxc4 35.
Rxc4 Rxc4 36. Bxc4 Rc8 37. Bd3 Rc1 38. Bxe4 Bxe4 39. Qg3 Kh7 40. Rg1 Qd8 41.
Nf2 Rc3 0-1

[Event "13sen.WMH 2003 Senioren"]
[Site "Bad Zwischenahn(17.11.-29.11.2003)"]
[Date "2003.11.29"]
[Round "2.60"]
[White "Molez, Karl"]
[Black "Hohler, Peter"]
[Result "1-0"]
[WhiteElo "1885"]
[BlackElo "2168"]
[PlyCount "75"]


1. d4 Nf6 2. c4 e6 3. Nc3 Bb4 4. Qc2 O-O 5. e4 d6 6. Nf3 e5 7. d5 Bxc3+ 8. bxc3
Nbd7 9. Ba3 Ne8 10. Be2 g6 11. O-O f5 12. Nd2 f4 13. Bg4 b6 14. Be2 Ndf6 15. g3
Qe7 16. f3 h5 17. gxf4 exf4 18. Rae1 Nd7 19. Nb3 Ne5 20. Nd4 Kh8 21. Kh1 Nf6
22. Rg1 Qf7 23. Bf1 Bd7 24. Qf2 Rg8 25. h4 Nh7 26. Bc1 g5 27. Qh2 Raf8 28. Be2
g4 29. fxg4 hxg4 30. Ne6 Bxe6 31. dxe6 Qxe6 32. Bxf4 Nf6 33. Qg2 Ng6 34. Bg5
Qe5 35. Bxg4 Qxc3 36. Be6 Rg7 37. Bh6 Rh7 38. Qxg6 1-0

[Event "13sen.WMH 2003 Senioren"]
[Site "Bad Zwischenahn(17.11.-29.11.2003)"]
[Date "2003.11.29"]
[Round "2.61"]
[White "Stuerzenbaum, Arthur"]
[Black "Langmann, Claus"]
[Result "1/2-1/2"]
[WhiteElo "2186"]
[BlackElo "1849"]
[PlyCount "93"]


1. e4 c5 2. Nf3 Nc6 3. d4 cxd4 4. Nxd4 Nf6 5. Nc3 e5 6. Ndb5 d6 7. Bg5 a6 8.
Na3 b5 9. Bxf6 gxf6 10. Nd5 Bg7 11. c3 f5 12. exf5 Bxf5 13. Nc2 Ne7 14. Bd3 Bg6
15. Bxg6 hxg6 16. Nce3 O-O 17. O-O Rc8 18. a4 Nxd5 19. Nxd5 Rc5 20. Qd2 Qh4 21.
g3 Qc4 22. Ne7+ Kh7 23. Qxd6 bxa4 24. Rxa4 Qxa4 25. Qxc5 Re8 26. Qc6 Qxc6 27.
Nxc6 Rc8 28. Na5 Bf6 29. Ra1 Rc5 30. Kf1 e4 31. Ke2 Be5 32. Kd2 Bc7 33. Nb3 Rb5
34. Kc2 Bb6 35. Nd4 Ra5 36. Rxa5 Bxa5 37. Kd2 f5 38. h4 Kg7 39. Ke3 Kf6 40. f3
exf3 41. Kxf3 Bc7 42. Ne2 Bd6 43. b3 g5 44. hxg5+ Kxg5 45. c4 Kf6 46. Nf4 Ke5
47. Ne2 1/2-1/2

[Event "13sen.WMH 2003 Senioren"]
[Site "Bad Zwischenahn(17.11.-29.11.2003)"]
[Date "2003.11.29"]
[Round "2.62"]
[White "Fiedler, Eduard"]
[Black "Waisberg, Arnold"]
[Result "0-1"]
[WhiteElo "1734"]
[BlackElo "2014"]
[PlyCount "120"]


1. e4 e5 2. Nf3 Nc6 3. Bb5 Bc5 4. O-O Nge7 5. c3 Bb6 6. d3 d6 7. a4 a6 8. Bc4
O-O 9. Bg5 Bg4 10. b4 Qd7 11. Nbd2 h6 12. Bh4 d5 13. exd5 Nxd5 14. Qc2 f6 15.
Bg3 Nce7 16. d4 exd4 17. cxd4 Kh8 18. Qb2 Nf5 19. a5 Ba7 20. b5 Nxg3 21. hxg3
axb5 22. Bxb5 c6 23. Bc4 Rab8 24. Qb1 Bf5 25. Bd3 Ne7 26. Bxf5 Qxf5 27. Qxf5
Nxf5 28. Nb3 Rfd8 29. Rad1 Rd5 30. g4 Nd6 31. Nc5 Nc4 32. a6 Bxc5 33. dxc5 bxa6
34. Rxd5 cxd5 35. Rd1 Rd8 36. Nd4 a5 37. Ra1 Kg8 38. f3 Kf7 39. Kf2 Rb8 40. Ra2
Rc8 41. c6 g6 42. f4 Ke7 43. Re2+ Kd6 44. Re6+ Kc5 45. Nb3+ Kb4 46. Nd4 Rf8 47.
c7 Rc8 48. Re7 Kc5 49. Nb3+ Kd6 50. Rf7 a4 51. Nd4 a3 52. Rxf6+ Kc5 53. Ne6+
Kb4 54. Nd4 a2 55. Ra6 Na3 56. Nc6+ Kb3 57. Rb6+ Kc3 58. Nb4 a1=Q 59. Nxd5+ Kd4
60. Rb8 Qa2+ 0-1

[Event "13sen.WMH 2003 Senioren"]
[Site "Bad Zwischenahn(17.11.-29.11.2003)"]
[Date "2003.11.29"]
[Round "2.63"]
[White "Ousatchi, Mark"]
[Black "Grassmehl, Gerhard"]
[Result "1-0"]
[WhiteElo "2041"]
[BlackElo "1721"]
[PlyCount "107"]


1. d4 Nf6 2. c4 e6 3. Nf3 c5 4. d5 d6 5. Nc3 Na6 6. e4 exd5 7. cxd5 Nc7 8. Be2
a6 9. a4 g6 10. O-O Bg7 11. Nd2 O-O 12. f4 Bd7 13. Bf3 Nfe8 14. Nc4 b5 15. Nb6
Rb8 16. Nxd7 Qxd7 17. axb5 axb5 18. e5 b4 19. Ne4 Nb5 20. Be3 Qc8 21. Qe2 f5
22. exf6 Nxf6 23. Ng5 Ne8 24. Ne6 Nd4 25. Bxd4 Bxd4+ 26. Nxd4 cxd4 27. Bg4 Qc5
28. Qe6+ Kg7 29. Rfc1 Qb6 30. Rc6 Qb7 31. Qe4 Qf7 32. Qxd4+ Qf6 33. Ra7+ Kh6
34. Qxf6 Rxf6 35. Rc4 Rb5 36. Ra8 Rf8 37. Bf3 Rb7 38. Re4 Nf6 39. Rxf8 Nxe4 40.
Bxe4 Re7 41. Bf3 Re1+ 42. Kf2 Rb1 43. Rd8 Rxb2+ 44. Ke3 Ra2 45. Rxd6 Ra3+ 46.
Kd4 Ra4 47. Kc4 b3+ 48. Kxb3 Rxf4 49. Rd7 g5 50. h3 Kg6 51. d6 Rd4 52. Kc3 Rf4
53. Re7 Rf6 54. Be4+ 1-0

[Event "13sen.WMH 2003 Senioren"]
[Site "Bad Zwischenahn(17.11.-29.11.2003)"]
[Date "2003.11.29"]
[Round "2.64"]
[White "Villing, Dieter"]
[Black "Barlo, Werner"]
[Result "1-0"]
[WhiteElo "2170"]
[BlackElo "1735"]
[PlyCount "48"]


1. e4 c5 2. Nc3 Nc6 3. f4 g6 4. Nf3 Bg7 5. Bb5 Nd4 6. O-O Nxb5 7. Nxb5 a6 8.
Nc3 e6 9. d3 Ne7 10. Qe1 O-O 11. Be3 d6 12. e5 b6 13. Ne4 Nf5 14. Bf2 Bb7 15.
Rd1 d5 16. Ned2 Bh6 17. g4 Ne7 18. Bh4 Qd7 19. Bf6 Bg7 20. Qh4 Rfe8 21. Ng5 h6
22. Rf3 d4 23. Nde4 Bxe4 24. dxe4 Kh8 1-0

[Event "13sen.WMH 2003 Senioren"]
[Site "Bad Zwischenahn(17.11.-29.11.2003)"]
[Date "2003.11.29"]
[Round "2.65"]
[White "Loesche, Heinz"]
[Black "Viner, Phillip"]
[Result "1/2-1/2"]
[WhiteElo "1784"]
[BlackElo "2127"]
[PlyCount "105"]


1. c4 e5 2. Nc3 Nc6 3. g3 f5 4. Bg2 Nf6 5. d3 Be7 6. e4 d6 7. Nge2 O-O 8. O-O
Qe8 9. Bg5 Qh5 10. Bxf6 Rxf6 11. Nc1 Qxd1 12. Rxd1 Rf8 13. Nd5 Bd8 14. Nb3 a5
15. a4 Ne7 16. Nxe7+ Bxe7 17. exf5 Rxf5 18. Nd2 Rf8 19. h3 Ra6 20. Ne4 Rb6 21.
Rab1 Rb3 22. Bf1 Bd7 23. Nd2 Rb4 24. b3 Bc6 25. Bg2 Bg5 26. Ne4 Bxe4 27. dxe4
Be7 28. Rd3 Ra8 29. h4 Ra6 30. Bf1 Rab6 31. Rf3 Rxa4 32. Bh3 Bf6 33. Be6+ Kf8
34. g4 Ke7 35. Bg8 h6 36. g5 hxg5 37. hxg5 Bxg5 38. Rf7+ Ke8 39. Rxc7 Be7 40.
Be6 Rab4 41. Kg2 Rc6 42. Bd7+ Kd8 43. Rxc6 bxc6 44. Bxc6 Kc7 45. Bb5 Kb6 46.
Ba4 Kc5 47. Rd1 Rb6 48. Rd3 Kb4 49. Kg3 Rb8 50. f3 Ka3 51. Rd5 Kb4 52. Rd3 Ka3
53. Rd5 1/2-1/2

[Event "13sen.WMH 2003 Senioren"]
[Site "Bad Zwischenahn(17.11.-29.11.2003)"]
[Date "2003.11.29"]
[Round "2.66"]
[White "Kock, Hans-Uwe"]
[Black "Kerkhoff, Werner"]
[Result "1-0"]
[WhiteElo "2090"]
[BlackElo "1691"]
[PlyCount "47"]


1. d4 f5 2. Nc3 d6 3. e4 fxe4 4. Nxe4 g6 5. Bd3 Bg7 6. c3 Nf6 7. Nf3 O-O 8. O-O
Nxe4 9. Bxe4 c6 10. Bd3 Qc7 11. Re1 Bg4 12. Qb3+ d5 13. Ne5 Bxe5 14. Rxe5 Rf7
15. Bg5 Na6 16. f3 Nc5 17. Qc2 Nxd3 18. Qxd3 Bf5 19. Qe3 Re8 20. Re1 Qa5 21.
Bxe7 Qc7 22. Bd6 Rxe5 23. dxe5 Qd7 24. e6 1-0

[Event "13sen.WMH 2003 Senioren"]
[Site "Bad Zwischenahn(17.11.-29.11.2003)"]
[Date "2003.11.29"]
[Round "2.67"]
[White "Bitzer, Dieter"]
[Black "Ahlberg, Guenter"]
[Result "1-0"]
[WhiteElo "1735"]
[BlackElo "1932"]
[PlyCount "73"]


1. e4 c6 2. d4 d5 3. e5 Bf5 4. c4 dxc4 5. Bxc4 e6 6. Nf3 Bg4 7. Be3 Nd7 8. h3
Bh5 9. Nbd2 Ne7 10. Qb3 Nb6 11. Bd3 Ned5 12. a3 Be7 13. O-O O-O 14. Be4 Qd7 15.
Qd3 Bg6 16. Rad1 Rfd8 17. Bxg6 hxg6 18. Ne4 Nxe3 19. fxe3 Qd5 20. Nfg5 Bxg5 21.
Nxg5 Rd7 22. Qc2 f6 23. e4 Qc4 24. Qxc4 Nxc4 25. exf6 Ne3 26. f7+ Kf8 27. Nh7+
Ke7 28. f8=Q+ Rxf8 29. Nxf8 Rd8 30. Nxg6+ Kd6 31. Rd3 Nxf1 32. Kxf1 Kc7 33. Nf4
Re8 34. e5 g5 35. Nh5 Rh8 36. Nf6 Rd8 37. Ke2 1-0

[Event "13sen.WMH 2003 Senioren"]
[Site "Bad Zwischenahn(17.11.-29.11.2003)"]
[Date "2003.11.29"]
[Round "2.68"]
[White "Giering, Gregor"]
[Black "Niebling, Ferdinand"]
[Result "0-1"]
[WhiteElo "1752"]
[BlackElo "2068"]
[PlyCount "117"]


1. b3 e5 2. Bb2 Nc6 3. e3 d5 4. Bb5 Bd6 5. Nf3 f6 6. Nh4 Be6 7. O-O Nge7 8. d3
Qd7 9. Nd2 a6 10. Bxc6 Nxc6 11. c4 O-O 12. cxd5 Bxd5 13. Nc4 Be7 14. e4 Be6 15.
Ne3 Rad8 16. Nhf5 Bc5 17. Qg4 Kh8 18. Qg3 Rf7 19. Rad1 a5 20. Qf3 a4 21. Nc4
Bxf5 22. exf5 axb3 23. axb3 Qd5 24. Qxd5 Rxd5 25. Ne3 Bxe3 26. fxe3 Rfd7 27.
Kf2 Rxd3 28. Ke2 Rxd1 29. Rxd1 Rxd1 30. Kxd1 Kg8 31. Kd2 Kf7 32. Bc3 Ke7 33.
Kd3 b5 34. b4 Kd6 35. e4 Nb8 36. g4 Na6 37. h4 c5 38. bxc5+ Kxc5 39. g5 b4 40.
Bb2 Kb5 41. g6 Nc5+ 42. Ke3 hxg6 43. fxg6 Ne6 44. h5 Kc4 45. Kd2 Kb3 46. Kc1
Kc4 47. Kc2 Kc5 48. Bc1 Kd4 49. h6 gxh6 50. Bxh6 Kxe4 51. g7 Nxg7 52. Bxg7 f5
53. Kd2 f4 54. Bf8 b3 55. Ba3 Kf3 56. Bb2 e4 57. Bd4 e3+ 58. Ke1 Ke4 59. Bf6
0-1

[Event "13sen.WMH 2003 Senioren"]
[Site "Bad Zwischenahn(17.11.-29.11.2003)"]
[Date "2003.11.29"]
[Round "2.69"]
[White "Broberg, Horst"]
[Black "Schwarz, Werner[40Fürth]"]
[Result "1/2-1/2"]
[WhiteElo "1958"]
[BlackElo "1725"]
[PlyCount "70"]


1. e4 c6 2. d4 d5 3. exd5 cxd5 4. c4 Nf6 5. Nc3 e6 6. Nf3 Be7 7. cxd5 Nxd5 8.
Bd3 O-O 9. O-O Nd7 10. Nxd5 exd5 11. Bf4 Nf6 12. Rc1 Bd6 13. Ne5 Be6 14. Bg5 h6
15. Bh4 Be7 16. Re1 Rc8 17. Ng6 fxg6 18. Rxe6 Rxc1 19. Qxc1 g5 20. Bg3 Nh5 21.
Qe1 Bf6 22. Bd6 Nf4 23. Bf5 Nxe6 24. Qxe6+ Kh8 25. Bxf8 Qxf8 26. b3 b6 27. g4
Qg8 28. Qd7 Bxd4 29. Be6 Qf8 30. Bf7 a5 31. Qxd5 Bc5 32. Kg2 g6 33. Qe6 Qd6 34.
Qe4 Kg7 35. Bd5 Qf6 1/2-1/2

[Event "13sen.WMH 2003 Senioren"]
[Site "Bad Zwischenahn(17.11.-29.11.2003)"]
[Date "2003.11.29"]
[Round "2.70"]
[White "Krawinkel, Hans-Werner"]
[Black "Boeven, Manfred"]
[Result "1-0"]
[WhiteElo "1756"]
[BlackElo "2005"]
[PlyCount "57"]


1. c4 e5 2. Nc3 Nf6 3. g3 c6 4. Bg2 d5 5. cxd5 cxd5 6. a3 Nc6 7. d3 Bc5 8. e3
O-O 9. Nge2 Be6 10. O-O Qd7 11. b4 Be7 12. Re1 Rac8 13. Bb2 Ng4 14. h3 Nh6 15.
Kh2 f5 16. f4 Bf6 17. Na4 b6 18. b5 Na5 19. fxe5 Bg5 20. Nd4 Nf7 21. Nxe6 Qxe6
22. d4 Qd7 23. Nc3 Nc4 24. Bc1 Nxe3 25. Bxe3 Rxc3 26. e6 Qd6 27. exf7+ Rxf7 28.
Qd2 Rfc7 29. Bf4 1-0

[Event "13sen.WMH 2003 Senioren"]
[Site "Bad Zwischenahn(17.11.-29.11.2003)"]
[Date "2003.11.29"]
[Round "2.71"]
[White "Suess, Horst"]
[Black "Suchsland, Helmut,Dr."]
[Result "0-1"]
[WhiteElo "1301"]
[BlackElo "1724"]
[PlyCount "62"]


1. e4 e5 2. Nf3 Nc6 3. Bb5 Bc5 4. d3 Nd4 5. Ba4 b5 6. Bb3 Nxb3 7. axb3 d6 8. h3
Ne7 9. c3 Bb7 10. b4 Bb6 11. Nbd2 O-O 12. Nb3 Rc8 13. O-O f5 14. Ng5 Qe8 15.
Kh1 h6 16. Nf3 fxe4 17. dxe4 Bxe4 18. Nbd2 Bb7 19. Qc2 Qh5 20. Qb3+ Bd5 21. Qd1
Rf6 22. Ra3 Rcf8 23. c4 bxc4 24. Rc3 e4 25. Nh2 Qf7 26. f3 Nf5 27. Qe1 e3 28.
Nxc4 Bxc4 29. Bxe3 Re8 30. Qc1 Ng3+ 31. Kg1 Ne2+ 0-1

[Event "13sen.WMH 2003 Senioren"]
[Site "Bad Zwischenahn(17.11.-29.11.2003)"]
[Date "2003.11.29"]
[Round "2.72"]
[White "Bartle, Georg"]
[Black "Daniel, Wolfgang"]
[Result "0-1"]
[WhiteElo "1682"]
[BlackElo "1930"]
[PlyCount "78"]


1. b4 e6 2. Bb2 Nf6 3. b5 d5 4. e3 c5 5. Nf3 Bd6 6. c4 O-O 7. Be2 b6 8. O-O Bb7
9. d4 Nbd7 10. Nbd2 Qe7 11. Ne5 Ne8 12. Ndf3 f6 13. Nc6 Qf7 14. cxd5 exd5 15.
dxc5 bxc5 16. a4 Nc7 17. Rc1 Nb8 18. e4 Nxc6 19. bxc6 Bxc6 20. exd5 Bxd5 21.
Ba3 Rad8 22. Nd2 Qg6 23. g3 Ne6 24. Bf3 Bxf3 25. Qxf3 Kh8 26. Nb3 Rfe8 27. Rc4
Ng5 28. Qc3 Nh3+ 29. Kh1 Qf5 30. Kg2 Ng5 31. Rh4 Qd5+ 32. f3 Re2+ 33. Rf2 Be5
34. Nd4 Rxf2+ 35. Kxf2 Bxd4+ 36. Rxd4 Qxd4+ 37. Qxd4 cxd4 38. f4 d3 39. Ke1
Nf3+ 0-1

[Event "13sen.WMH 2003 Senioren"]
[Site "Bad Zwischenahn(17.11.-29.11.2003)"]
[Date "2003.11.29"]
[Round "2.73"]
[White "Potthammel, Joerg"]
[Black "Meinhardt, Guenther"]
[Result "1/2-1/2"]
[WhiteElo "1972"]
[BlackElo "1737"]
[PlyCount "54"]


1. e4 e5 2. Nf3 Nc6 3. Bb5 a6 4. Bxc6 dxc6 5. O-O Qd6 6. d3 Bg4 7. Nbd2 f6 8.
Nc4 Qd7 9. Be3 Ne7 10. a3 Ng6 11. h3 Be6 12. b3 Be7 13. Nh2 O-O 14. f4 exf4 15.
Bxf4 Nxf4 16. Rxf4 Qd4+ 17. Kh1 b5 18. Nd2 Qd6 19. Rf1 f5 20. Qe2 Bf6 21. Rad1
Bc3 22. Nhf3 Bxd2 23. Nxd2 Qxa3 24. exf5 Bxf5 25. Qe5 Bg6 26. Qe6+ Kh8 27. Qxc6
Qd6 1/2-1/2

[Event "13sen.WMH 2003 Senioren"]
[Site "Bad Zwischenahn(17.11.-29.11.2003)"]
[Date "2003.11.29"]
[Round "2.74"]
[White "Petrasch, Klaus"]
[Black "Fanenbruck, Guenter"]
[Result "1-0"]
[WhiteElo "1914"]
[BlackElo "1593"]
[PlyCount "52"]


1. e4 d6 2. d4 Nf6 3. Nc3 e5 4. Nf3 Bg4 5. dxe5 Bxf3 6. Qxf3 dxe5 7. Bg5 Be7 8.
Rd1 Nbd7 9. Bxf6 gxf6 10. g3 Bd6 11. Bh3 Nb6 12. O-O Rg8 13. a4 c6 14. Rd3 Qe7
15. Rfd1 Rd8 16. b3 Na8 17. Qe3 Nc7 18. Qd2 Ne6 19. Bxe6 fxe6 20. Rxd6 Rxd6 21.
Qxd6 Qxd6 22. Rxd6 Ke7 23. Rd2 f5 24. f3 h5 25. Kf2 f4 26. a5 a6 1-0

[Event "13sen.WMH 2003 Senioren"]
[Site "Bad Zwischenahn(17.11.-29.11.2003)"]
[Date "2003.11.29"]
[Round "2.75"]
[White "Smits, Oswald"]
[Black "Weber, Gerhard,Dr.[34Levk]"]
[Result "0-1"]
[WhiteElo "1644"]
[BlackElo "1879"]
[PlyCount "80"]


1. d4 Nf6 2. Nf3 g6 3. Bg5 Bg7 4. e3 d5 5. h3 O-O 6. Be2 h6 7. Bf4 c5 8. O-O
cxd4 9. exd4 Nc6 10. c3 Ne4 11. Nbd2 Kh7 12. Bd3 f5 13. b4 Nxc3 14. Qb3 Nxd4
15. Nxd4 Bxd4 16. Rac1 Ne4 17. Nf3 Bf6 18. Bc7 Qd7 19. a4 e6 20. Bb5 Qg7 21.
Bh2 Rf7 22. Rc2 Bd7 23. Be2 Raf8 24. Rfc1 g5 25. Ne1 f4 26. Bd3 Kh8 27. b5 b6
28. Rc7 Nc5 29. Qd1 Bc8 30. Rxf7 Rxf7 31. Be2 Bb7 32. Bh5 Re7 33. Nf3 e5 34. a5
e4 35. Ne1 d4 36. a6 Bd5 37. Be2 d3 38. Bf1 Bc3 39. Nxd3 exd3 40. Bxd3 Re1+ 0-1

[Event "13sen.WMH 2003 Senioren"]
[Site "Bad Zwischenahn(17.11.-29.11.2003)"]
[Date "2003.11.29"]
[Round "2.76"]
[White "Jessen, Ernst"]
[Black "Schueler, Wolfgang[36Lichtb]"]
[Result "1/2-1/2"]
[WhiteElo "1570"]
[BlackElo "1937"]
[PlyCount "94"]


1. e4 e5 2. Nf3 Nc6 3. Bb5 a6 4. Ba4 Nf6 5. O-O b5 6. Bb3 Bc5 7. Bd5 Nxd5 8.
exd5 Ne7 9. Nxe5 O-O 10. d4 Ba7 11. d6 cxd6 12. Nf3 Bb7 13. c3 Nd5 14. Bg5 f6
15. Bh4 Ne7 16. Nbd2 Nf5 17. Bg3 Re8 18. Re1 Re6 19. Bf4 g5 20. Qc2 Ng7 21. Be3
Qe8 22. Qd3 d5 23. h3 Bc6 24. Rac1 Qh5 25. Nf1 Bb8 26. Ng3 Bxg3 27. fxg3 g4 28.
Nh4 Rae8 29. Qd2 gxh3 30. gxh3 Nf5 31. Nxf5 Qxf5 32. h4 Qg4 33. Qf2 Kf7 34. b4
Kg7 35. a3 f5 36. Bf4 Re4 37. Kh2 Kg6 38. Be5 Re6 39. Rxe4 dxe4 40. Qe3 Bd5 41.
Bf4 Bc4 42. Re1 Bd3 43. d5 Re8 44. Qd4 Qf3 45. Bg5 Kh5 46. Bf4 Bf1 47. Qg1 Bd3
1/2-1/2

[Event "13sen.WMH 2003 Senioren"]
[Site "Bad Zwischenahn(17.11.-29.11.2003)"]
[Date "2003.11.29"]
[Round "2.77"]
[White "Werl, Wolfgang"]
[Black "Bromberger, Guenter"]
[Result "1-0"]
[WhiteElo "1758"]
[BlackElo "1413"]
[PlyCount "53"]


1. d4 c6 2. e4 d5 3. e5 g6 4. Nf3 Bg4 5. Be2 e6 6. c3 b6 7. Be3 Bh6 8. Qd2 Bxe3
9. Qxe3 Nd7 10. Nbd2 Qe7 11. O-O f5 12. h3 Bxf3 13. Nxf3 h6 14. c4 g5 15. cxd5
cxd5 16. Rac1 Qd8 17. Rc6 Kf7 18. Rfc1 Ne7 19. Rc7 a6 20. Qa3 Rc8 21. Qd6 Rxc7
22. Rxc7 Nb8 23. Qxb6 Re8 24. Nd2 Nd7 25. Qd6 Nb8 26. Bh5+ Kf8 27. Qxe6 1-0

[Event "13sen.WMH 2003 Senioren"]
[Site "Bad Zwischenahn(17.11.-29.11.2003)"]
[Date "2003.11.29"]
[Round "2.78"]
[White "Stock, Hugo"]
[Black "Niebaum, Karl"]
[Result "1/2-1/2"]
[WhiteElo "1614"]
[BlackElo "1798"]
[PlyCount "59"]


1. d4 d5 2. Nf3 Nf6 3. c4 e6 4. Nc3 c6 5. e3 Nbd7 6. Qc2 Bd6 7. b3 O-O 8. Bd3
dxc4 9. bxc4 e5 10. dxe5 Nxe5 11. Nxe5 Bxe5 12. Bb2 Re8 13. Rd1 Qc7 14. Ne2
Bxb2 15. Qxb2 Qa5+ 16. Qd2 Qg5 17. O-O Bg4 18. Rde1 Rad8 19. Qc2 h5 20. Nf4 Qe5
21. h3 Bc8 22. Rd1 g5 23. Ne2 h4 24. Kh1 Kg7 25. f4 gxf4 26. Rxf4 Rh8 27. Qc3
Qxc3 28. Nxc3 Nh5 29. Rd4 Rxd4 30. exd4 1/2-1/2

[Event "13sen.WMH 2003 Senioren"]
[Site "Bad Zwischenahn(17.11.-29.11.2003)"]
[Date "2003.11.29"]
[Round "2.79"]
[White "Gudat, Alfons"]
[Black "Petzold, Rolf"]
[Result "1-0"]
[WhiteElo "1986"]
[BlackElo "1639"]
[PlyCount "58"]


1. e4 c5 2. Nf3 e6 3. c3 d5 4. e5 a6 5. d4 cxd4 6. cxd4 Ne7 7. Bd3 Nec6 8. O-O
Be7 9. a3 f5 10. exf6 Bxf6 11. Re1 O-O 12. Nc3 Kh8 13. Be3 Re8 14. Bc2 Qe7 15.
Rc1 Nd7 16. Qd3 Nf8 17. Qd2 Qf7 18. Bg5 Bd7 19. Bxf6 gxf6 20. Re2 Ne7 21. Rce1
Rad8 22. Qf4 Bc6 23. Ng5 Qg7 24. Nxe6 Nxe6 25. Rxe6 Ng8 26. Rxe8 Bxe8 27. g3
Bg6 28. Bxg6 Qxg6 29. Qc7 Qg7 1-0

[Event "13sen.WMH 2003 Senioren"]
[Site "Bad Zwischenahn(17.11.-29.11.2003)"]
[Date "2003.11.29"]
[Round "2.81"]
[White "Weyand, Fernand"]
[Black "Hamm, Georg,Dr."]
[Result "0-1"]
[WhiteElo "1705"]
[BlackElo "2025"]
[PlyCount "48"]


1. e4 g6 2. d4 Bg7 3. Nc3 c6 4. h4 h5 5. Bg5 Qb6 6. Nf3 Qxb2 7. Na4 Qb4+ 8. c3
Qa5 9. Qb3 b5 10. Nb2 d6 11. Be2 Nf6 12. Nd2 O-O 13. O-O Qc7 14. Nd3 a6 15. f4
d5 16. f5 dxe4 17. Nc5 gxf5 18. Rf2 Nd5 19. Nf1 e5 20. c4 Nf4 21. Qg3 Nxe2+ 22.
Rxe2 f4 23. Qe1 f5 24. dxe5 Qxe5 0-1

[Event "13sen.WMH 2003 Senioren"]
[Site "Bad Zwischenahn(17.11.-29.11.2003)"]
[Date "2003.11.29"]
[Round "2.82"]
[White "Brandt, Fred"]
[Black "Hobusch, Werner"]
[Result "0-1"]
[WhiteElo "1641"]
[BlackElo "1999"]
[PlyCount "132"]


1. d4 Nf6 2. Nf3 e6 3. Bg5 h6 4. Bh4 d5 5. e3 Be7 6. Nbd2 Ne4 7. Bxe7 Qxe7 8.
Bd3 Nxd2 9. Qxd2 Nd7 10. O-O O-O 11. e4 dxe4 12. Bxe4 Nf6 13. Bd3 b6 14. Rfe1
Bb7 15. Ne5 Qd6 16. c3 Qd5 17. Nf3 Rad8 18. Re5 Qd6 19. Qe2 Ng4 20. Rh5 f5 21.
Re1 g6 22. Rh3 Rde8 23. Ne5 Qd5 24. f4 Nxe5 25. dxe5 Qxa2 26. Rxh6 Kg7 27. Rh3
Qd5 28. Rg3 Rh8 29. Rd1 Qc5+ 30. Kh1 Rh4 31. Bc2 Bc6 32. b4 Qe7 33. Qe3 Reh8
34. h3 g5 35. Kg1 g4 36. Kf2 Kf7 37. Rg1 Rg8 38. Bd1 Qd7 39. Be2 Qe7 40. Kf1
Qe8 41. Qf2 a5 42. bxa5 bxa5 43. Qc5 a4 44. c4 Qa8 45. Kf2 Qb7 46. hxg4 fxg4
47. Qa3 Be4 48. Rd1 Qc6 49. c5 Rh2 50. Bf1 Bf5 51. Rd4 Ra8 52. Bd3 Rxg2+ 53.
Rxg2 Qf3+ 54. Kg1 Qe3+ 55. Kf1 Qxd4 56. Bxf5 Qd1+ 57. Kf2 exf5 58. Qa2+ Qb3 59.
Qd2 Ke7 60. c6 Rd8 61. Qc1 Qf3+ 62. Ke1 Qxg2 63. Qc5+ Ke8 64. Qc3 Qe4+ 65. Kf2
Qxf4+ 66. Ke2 Qf3+ 0-1

[Event "13sen.WMH 2003 Senioren"]
[Site "Bad Zwischenahn(17.11.-29.11.2003)"]
[Date "2003.11.29"]
[Round "2.83"]
[White "Aigner, Georg"]
[Black "Sarkosch, Nerssi,Dr."]
[Result "0-1"]
[WhiteElo "1806"]
[BlackElo "1646"]
[PlyCount "82"]


1. e4 d6 2. d4 Nf6 3. Bd3 g6 4. Bg5 Bg7 5. Nf3 h6 6. Bd2 O-O 7. Nc3 Bg4 8. h3
Bxf3 9. Qxf3 Nc6 10. Ne2 Nd7 11. c3 e5 12. Bc4 exd4 13. cxd4 Nxd4 14. Nxd4 Bxd4
15. Bxh6 Ne5 16. Qe2 Nxc4 17. Qxc4 Bxf2+ 18. Kxf2 Qh4+ 19. g3 Qxh6 20. Rad1
Rae8 21. Kg2 Qg7 22. Rd2 Qe5 23. Re1 Re7 24. Ree2 Rfe8 25. Qb4 b6 26. Qc4 Qe6
27. Qa6 Qd7 28. Qc4 Re5 29. g4 Qe7 30. Kf3 Qh4 31. Kg2 Qe7 32. Kf3 Qf6+ 33. Kg3
Qf1 34. Qc6 Qg1+ 35. Kf3 Qh1+ 36. Kg3 Kg7 37. Qxc7 Rh8 38. Qxd6 Qxh3+ 39. Kf4
Rhe8 40. Rh2 Rxe4+ 41. Kg5 Qe3+ 0-1

[Event "13sen.WMH 2003 Senioren"]
[Site "Bad Zwischenahn(17.11.-29.11.2003)"]
[Date "2003.11.29"]
[Round "2.84"]
[White "Bernhoeft, Erhard"]
[Black "Stiemerling, Karl-Heinz"]
[Result "1/2-1/2"]
[WhiteElo "1947"]
[BlackElo "1623"]
[PlyCount "170"]


1. Nf3 c5 2. g3 Nc6 3. c4 Nf6 4. Nc3 d6 5. Bg2 Bd7 6. d3 Qc8 7. h3 a6 8. Bg5 g6
9. Bxf6 exf6 10. Nd5 Qd8 11. Qb3 Qa5+ 12. Qc3 Qxc3+ 13. bxc3 O-O-O 14. Nxf6 Bg7
15. Nd5 Be6 16. Kd2 Bxd5 17. cxd5 Ne5 18. Rhb1 Kc7 19. a4 b6 20. Ra3 Rb8 21.
Rab3 Bh6+ 22. Kc2 Nd7 23. c4 Rhe8 24. e3 f6 25. Re1 Re7 26. Rbb1 a5 27. Rb5 f5
28. Reb1 g5 29. h4 g4 30. Ng1 Bg7 31. Ne2 Be5 32. Kd2 Rbe8 33. Bf1 h5 34. R5b3
Rb8 35. d4 Bg7 36. Kd3 cxd4 37. exd4 Re4 38. Bg2 Rxe2 39. Kxe2 Bxd4 40. Rd3
Re8+ 41. Kf1 Bc5 42. Rc1 Ne5 43. Rdd1 Bb4 44. Rc2 Rf8 45. Kg1 f4 46. Rd4 fxg3
47. fxg3 Bc5 48. Rcd2 Nxc4 49. Kh2 Bxd4 50. Rc2 Bc5 51. Rxc4 Rf2 52. Kh1 Rf5
53. Be4 Re5 54. Kg2 Kd7 55. Kf1 Ke7 56. Ke1 Kf6 57. Ke2 Re7 58. Kf1 Rf7 59. Kg2
Kg7 60. Rc2 Re7 61. Re2 Kf6 62. Kf1 Rf7 63. Kg2 Rc7 64. Bd3 Re7 65. Rxe7 Kxe7
66. Bg6 Kf6 67. Bxh5 Be3 68. Bxg4 Kg6 69. Kf3 Bd4 70. Bd7 Be5 71. g4 Bd4 72.
Be8+ Kf6 73. g5+ Kf5 74. Bd7+ Kg6 75. Kg4 Be3 76. h5+ Kg7 77. Kf5 Bd4 78. h6+
Kh7 79. Be8 Be5 80. Bg6+ Kg8 81. Be8 Kh7 82. Ke6 Bf4 83. Kd7 Bxg5 84. Kxd6 Kxh6
85. Kc7 Be3 1/2-1/2